[Event "Rottach Egern Seniors Cup 13th"]
[Site "Rottach Egern"]
[Date "2025.03.30"]
[Round "2"]
[White "Hartlieb, Juergen"]
[Black "Wltschek, Christian"]
[Result "1-0"]
[WhiteElo "2046"]
[BlackElo "1861"]
[PlyCount "57"]
[EventDate "2025.03.29"]
[EventType "swiss"]
[EventRounds "9"]
[EventCountry "GER"]
[SourceTitle "CB16_2025"]
[SourceDate "2025.04.16"]
[SourceVersion "1"]
[SourceVersionDate "2025.04.16"]
[SourceQuality "1"]

1. e4 c5 2. Nf3 e6 3. c3 Nf6 4. Bd3 Nc6 5. Bc2 d5 6. e5 Nd7 7. d4 f6 8. exf6 Qxf6 9. Bg5 Qf7 10. 0-0 Bd6 11. Bh4 Qh5 12. Re1 Nf6 13. dxc5 Bxc5 14. Bg3 a6 15. Nbd2 0-0 16. Nb3 Ba7 17. Nbd4 Nxd4 18. Nxd4 Qxd1 19. Raxd1 Re8 20. Nf3 Bd7 21. Rd2 Rac8 22. Rde2 Bb5 23. Rxe6 Rxe6 24. Rxe6 d4 25. Bb3 Kh8 26. Be5 Bd7 27. Re7 Bc5 28. Rf7 Be8 29. Bxf6 1-0

[Event "Rhein Main op-A 14th"]
[Site "Bad Homburg"]
[Date "2011.06.23"]
[Round "3"]
[White "Kretner, Georg Ulrich"]
[Black "Wltschek, Christian"]
[Result "1/2-1/2"]
[WhiteElo "1863"]
[BlackElo "2018"]
[PlyCount "38"]
[EventDate "2011.06.22"]
[EventType "swiss"]
[EventRounds "7"]
[EventCountry "GER"]
[SourceTitle "EXT 2012"]
[Source "ChessBase"]
[SourceDate "2011.11.24"]
[SourceVersion "1"]
[SourceVersionDate "2011.11.24"]
[SourceQuality "1"]

1. d4 Nf6 2. Nf3 g6 3. c4 Bg7 4. g3 0-0 5. Bg2 d5 6. cxd5 Nxd5 7. 0-0 Nc6 8. h3 Nb6 9. a4 Nxd4 10. Nxd4 Qxd4 11. a5 Qxd1 12. Rxd1 Nc4 13. a6 Rb8 14. axb7 Bxb7 15. Rxa7 Bxg2 16. Kxg2 Nxb2 17. Rd7 c5 18. Rxe7 c4 19. Rac7 Rbc8 1/2-1/2

[Event "Oberpfalz-ch M1"]
[Site "Roding"]
[Date "2010.03.28"]
[Round "3"]
[White "Blodig, Martin"]
[Black "Wltschek, Christian"]
[Result "1/2-1/2"]
[WhiteElo "1810"]
[BlackElo "1901"]
[PlyCount "28"]
[EventDate "2010.03.27"]
[EventType "swiss"]
[EventRounds "8"]
[EventCountry "GER"]
[SourceTitle "EXT 2012"]
[Source "ChessBase"]
[SourceDate "2011.11.24"]
[SourceVersion "1"]
[SourceVersionDate "2011.11.24"]
[SourceQuality "1"]

1. e4 c5 2. c3 Nf6 3. e5 Nd5 4. Nf3 e6 5. Be2 Nc6 6. 0-0 d6 7. d4 cxd4 8. cxd4 Qc7 9. Re1 Bd7 10. Bc4 Nb6 11. Bb3 dxe5 12. Nxe5 Nxe5 13. Bf4 Bb4 14. Bxe5 Qd8 1/2-1/2

[Event "Bayern-chI Bank Hofmann 13th"]
[Site "Bad Wiessee"]
[Date "2009.10.31"]
[Round "1"]
[White "Boguslawski, Oleg"]
[Black "Wltschek, Christian"]
[Result "1-0"]
[WhiteElo "2442"]
[BlackElo "2001"]
[PlyCount "45"]
[EventDate "2009.10.31"]
[EventType "swiss"]
[EventRounds "9"]
[EventCountry "GER"]
[SourceTitle "EXT 2010"]
[Source "ChessBase"]
[SourceDate "2010.11.25"]
[SourceVersion "1"]
[SourceVersionDate "2010.11.25"]
[SourceQuality "1"]

1. e4 c5 2. Nf3 e6 3. d4 cxd4 4. Nxd4 a6 5. Bd3 Nf6 6. Nc3 Qc7 7. Qe2 d6 8. 0-0 Nc6 9. Be3 Be7 10. f4 0-0 11. Kh1 Bd7 12. Rae1 b5 13. a3 Nxd4 14. Bxd4 e5 15. fxe5 dxe5 16. Nd5 Nxd5 17. exd5 f6 18. Qh5 h6 19. Qg6 Bd6 20. Qh7+ Kf7 21. Bg6+ Ke7 22. Qxg7+ Kd8 23. Rxf6 1-0

[Event "Oberpfalz-ch M1"]
[Site "Windischeschenbach"]
[Date "2007.04.01"]
[Round "4"]
[White "Tassell, Pierre"]
[Black "Wltschek, Christian"]
[Result "1/2-1/2"]
[WhiteElo "1951"]
[BlackElo "2028"]
[PlyCount "30"]
[EventDate "2007.03.31"]
[EventType "swiss"]
[EventRounds "8"]
[EventCountry "GER"]
[SourceTitle "EXT 2022"]
[Source "ChessBase"]
[SourceDate "2021.10.06"]
[SourceVersion "1"]
[SourceVersionDate "2021.10.06"]
[SourceQuality "1"]

1. e4 c5 2. Nf3 e6 3. d4 cxd4 4. Nxd4 a6 5. Bd3 Nf6 6. 0-0 Qc7 7. Qe2 d6 8. f4 Nbd7 9. Nc3 Be7 10. a4 0-0 11. Kh1 Nc5 12. Nf3 e5 13. f5 b6 14. Bg5 Bb7 15. Bxf6 Bxf6 1/2-1/2

[Event "Oberpfalz-ch M1"]
[Site "Windischeschenbach"]
[Date "2007.03.31"]
[Round "2"]
[White "Laubert, Johannes"]
[Black "Wltschek, Christian"]
[Result "1/2-1/2"]
[WhiteElo "1716"]
[BlackElo "2028"]
[PlyCount "26"]
[EventDate "2007.03.31"]
[EventType "swiss"]
[EventRounds "8"]
[EventCountry "GER"]
[SourceTitle "EXT 2022"]
[Source "ChessBase"]
[SourceDate "2021.10.06"]
[SourceVersion "1"]
[SourceVersionDate "2021.10.06"]
[SourceQuality "1"]

1. e4 c5 2. Nf3 e6 3. d4 cxd4 4. Nxd4 a6 5. Nc3 Qc7 6. Be3 Bb4 7. Qd3 Nf6 8. Bd2 0-0 9. f4 d6 10. Be2 Nbd7 11. Bf3 Rb8 12. g4 b5 13. g5 Nc5 1/2-1/2

[Event "Oberpfalz-ch M1"]
[Site "Regensburg"]
[Date "2006.04.11"]
[Round "7.7"]
[White "Wltschek, Christian"]
[Black "Ludwig, Franz"]
[Result "1/2-1/2"]
[WhiteElo "1857"]
[BlackElo "1891"]
[PlyCount "22"]
[EventDate "2006.04.08"]
[EventType "swiss"]
[EventRounds "8"]
[EventCountry "GER"]
[SourceTitle "EXT 2022"]
[Source "ChessBase"]
[SourceDate "2021.10.06"]
[SourceVersion "1"]
[SourceVersionDate "2021.10.06"]
[SourceQuality "1"]

1. e4 c5 2. Nf3 Nc6 3. Bb5 d6 4. d4 cxd4 5. Qxd4 Bd7 6. Bxc6 Bxc6 7. Nc3 Nf6 8. Bg5 e6 9. 0-0-0 Be7 10. Qd3 0-0 11. Nd4 Ne8 1/2-1/2

[Event "Oberpfalz-ch M1"]
[Site "Regensburg"]
[Date "2006.04.08"]
[Round "2.10"]
[White "Wltschek, Christian"]
[Black "Kaeck, Ralf"]
[Result "1/2-1/2"]
[WhiteElo "1857"]
[BlackElo "2008"]
[PlyCount "59"]
[EventDate "2006.04.08"]
[EventType "swiss"]
[EventRounds "8"]
[EventCountry "GER"]
[SourceTitle "EXT 2022"]
[Source "ChessBase"]
[SourceDate "2021.10.06"]
[SourceVersion "1"]
[SourceVersionDate "2021.10.06"]
[SourceQuality "1"]

1. e4 e6 2. d4 d5 3. Nc3 Bb4 4. e5 c5 5. a3 Bxc3+ 6. bxc3 Ne7 7. Nf3 Bd7 8. a4 Qc7 9. Qd2 Nbc6 10. Ba3 b6 11. Bb5 Na5 12. Bxd7+ Kxd7 13. dxc5 Nc4 14. Qf4 Nxa3 15. Rxa3 Qxc5 16. Rb3 Rhf8 17. 0-0 Ng6 18. Qg3 Qc4 19. Ra1 Qf4 20. a5 Qxg3 21. hxg3 Kc7 22. Ra4 Rfb8 23. axb6+ axb6 24. Rba3 Kb7 25. Kf1 Rxa4 26. Rxa4 Rc8 27. Ra3 h6 28. Ke2 Ne7 29. Nd4 Nc6 30. Nb5 1/2-1/2

[Event "Oberpfalz-ch M2"]
[Site "Schwarzenfeld"]
[Date "2005.??.??"]
[Round "7"]
[White "Muehlbauer, Gerhard"]
[Black "Wltschek, Christian"]
[Result "0-1"]
[WhiteElo "1820"]
[BlackElo "2036"]
[PlyCount "76"]
[EventDate "2005.03.19"]
[EventType "swiss"]
[EventRounds "8"]
[EventCountry "GER"]
[SourceTitle "EXT 2022"]
[Source "ChessBase"]
[SourceDate "2021.10.06"]
[SourceVersion "1"]
[SourceVersionDate "2021.10.06"]
[SourceQuality "1"]

1. e4 c5 2. Nf3 e6 3. d4 cxd4 4. Nxd4 a6 5. Be3 Qc7 6. Bd3 Nf6 7. Nb3 d5 8. N1d2 Bd6 9. Qe2 0-0 10. c4 dxe4 11. Nxe4 Nxe4 12. Bxe4 Nd7 13. g3 Nf6 14. Bg2 Bb4+ 15. Nd2 e5 16. 0-0 Be6 17. Rac1 Ng4 18. a3 Nxe3 19. fxe3 Be7 20. Bd5 Qd7 21. e4 Rac8 22. Nf3 Bc5+ 23. Kh1 f6 24. Rfd1 Kh8 25. Bxe6 Qxe6 26. Rd5 Rfd8 27. Rcd1 Be7 28. Qd3 Re8 29. b4 b6 30. Nd2 Qc6 31. Rc1 Red8 32. c5 f5 33. Qxa6 Rxd5 34. exd5 Qxd5+ 35. Kg1 Ra8 36. Qe2 bxc5 37. bxc5 Rxa3 38. c6 Bc5+ 0-1